00629nam a2200193Ia 4500008004100000020001500041082001500056100002200071245002500093250000800118260004800126300003100174500000700205600002100212650005000233942000700283952013000290999001500420240925s9999 xx 000 0 und d a8185198799 a003.74 CAL aCallier, Frank M. 0aLinear System Theory a1st aNew Delhi:bNarosa Publishing Housec,1991. axviii, 380p.bnafOriginal aNA aComputer Science aComputer science, information & general works cBK 011040708CSaUITUbUITUd2013-07-31eRoyal Book Companyg448.00l0o003.74 CALpQ0206r2024-09-25 07:12:00w2024-09-25yBK c2705d2705